|
|
|
|
| LEADER |
01411pam a22004098a 4500 |
| 001 |
00032258 |
| 005 |
20171026081025.0 |
| 008 |
140603s2014 ||||||Viesd |
| 020 |
# |
# |
|a 9786045015025
|
| 041 |
0 |
# |
|a Vie
|
| 082 |
1 |
4 |
|a 305.895 974
|b V115H
|
| 245 |
1 |
0 |
|a Văn hóa dân gian dân tộc Pà Thẻn ở Việt Nam
|c Đặng Thị Quang (ch.b.), Nguyễn Ngọc Thanh, Đinh Hồng Thơm, Vũ Thị Trang (Nhóm cộng tác viên)
|n Quyển 2
|
| 260 |
# |
# |
|a Hà Nội
|b Văn hóa Thông tin
|c 2014
|
| 300 |
# |
# |
|a 403 tr.
|c 21 cm.
|
| 500 |
# |
# |
|a ĐTTS ghi : Hội văn nghệ dân gian Việt Nam
|
| 504 |
# |
# |
|a Thư mục: tr. 395 - 396
|
| 653 |
# |
# |
|a Dân tộc học
|
| 653 |
# |
# |
|a Dân tộc Pà Thẻn
|
| 653 |
# |
# |
|a Tín ngưỡng
|
| 653 |
# |
# |
|a Đời sống
|
| 653 |
# |
# |
|a Xã hội
|
| 653 |
# |
# |
|a Việt Nam
|
| 700 |
1 |
# |
|a Nguyễn, Ngọc Thanh
|e Nhóm cộng tác viên
|
| 700 |
1 |
# |
|a Vũ, Thị Trang
|e Nhóm cộng tác viên
|
| 700 |
1 |
# |
|a Đinh, Hồng Thơm
|e Nhóm cộng tác viên
|
| 700 |
1 |
# |
|a Đặng, Thị Quang
|e Chủ biên
|
| 852 |
# |
# |
|j KD.0015831
|
| 852 |
# |
# |
|b Kho đọc
|j KD.0015831
|
| 910 |
# |
# |
|d 3\6\2014
|
| 980 |
# |
# |
|a Trung tâm Học liệu Lê Vũ Hùng, Trường Đại học Đồng Tháp
|